Language Quiz

Random Language or Letter Quiz

Silent Letters A-Z Quiz Stats

 Plays Quiz Updated Nov 22, 2011

Also try: Harry Potter A-Z
Challenge
Share
Tweet
Embed
Score 0/20 Timer 05:00
4 Plays Today
Hint Word % Correct
Leg jointknee
93.4%
Center of an applecore
92.9%
Day of the week Lent beginsWednesday
85.3%
Proof of a retail transactionreceipt
84.1%
Jacob Marley, Casper or a Patrick Swayze filmghost
82.5%
Weapon of choice for Aragorn, Athos and samuraisword
81.6%
Loan on a housemortgage
80.8%
Ami, amigo, amicofriend
79.5%
Toasting drink, esp on New Years Evechampagne
74.6%
Spotted member of the cat family and Mac OS Xleopard
68.3%
Hint Word % Correct
Basketball positionguard
65.1%
Fallautumn
62%
The largest South Dakota city is named for this tribeSioux
61.9%
John Donne: 'No man is an _____'island
61.6%
Absorb knowledgelearn
61.4%
To meet at an agreed upon time and placerendezvous
58.5%
Formula or phrase to assist in memorizationmnemonic
46%
Chinook, Coho or Sockeyesalmon
36.4%
Nuancedsubtle
28.2%
To bring charges againstindict
26.5%

You're not logged in!

Compare scores with friends on all Sporcle quizzes.
Join for Free
OR
Log In

You Might Also Like...

Show Comments

Extras

Top Quizzes Today


Score Distribution

Your Account Isn't Verified!

In order to create a playlist on Sporcle, you need to verify the email address you used during registration. Go to your Sporcle Settings to finish the process.

Report this User

Report this user for behavior that violates our Community Guidelines.

Details: